|
|
|
|
| LEADER |
00726nam a2200181 a 4500 |
| 001 |
000605061 |
| 003 |
CZ BrMZK |
| 005 |
20020919101415.0 |
| 008 |
020607s1967 xr f cze d |
| 040 |
|
|
|a BOA001
|b cze
|c BOA001
|
| 100 |
1 |
|
|a Janeček, Václav,
|d 1907-1986
|7 jk01050923
|4 aut
|
| 245 |
1 |
0 |
|a Průzkum efektivnosti zhuštěných obsádek v chovu kapra a jejich vliv na rybniční prostředí /
|c V. Janeček st., V. Janeček ml.
|
| 260 |
|
|
|a Praha :
|b Ústav vědeckotechnických informací MZLH,
|c 1967
|
| 300 |
|
|
|a s. 637-648
|
| 500 |
|
|
|a Separát z: Živočisná výroba, 11, č. 9
|
| 910 |
|
|
|a BOA001
|b X-0574.157
|
| 990 |
|
|
|a BK
|
| 996 |
6 |
|
|b 2618938103
|c X-0574.157
|l MZK
|r Sklad / do 24 hodin
|n 0
|w 000605061
|u 000010
|a 1
|e BOA001
|j MZK50
|s P
|